Statistics for U.S. General Knowledge #54

Click here to take the quiz!

General Stats

  • This quiz has been taken 10,682 times
  • The average score is 12 of 20

Answer Stats

QuestionAnswer% Correct
What is the second smallest state, trailing only Rhode Island? Delaware
84%
What is the largest library in the U.S., in terms of the size of its collection?Library of {Congress}
78%
Who shot Alexander Hamilton?Aaron Burr
74%
When a movie is rated "R", what does R stand for?Restricted
73%
Which U.S. city is associated with the song "When the Saints Go Marching In"?New Orleans
71%
On what game show were answers revealed with the catchphrase "survey says"?Family Feud
68%
What position did Babe Ruth play for the first few years of his career?Pitcher
68%
What city in Florida is named after a city in Russia?St. Petersburg
67%
What "belt" of the U.S. stretches from Virginia to Texas?{Bible} Belt
63%
What "belt" of the U.S. stretches from central New York to Wisconsin?{Rust} Belt
62%
Who became, in 1999, the oldest female singer to have a #1 hit in the U.S.?
(Hint: the song was "Believe")
Cher
61%
What branch of the military joined the Army, Navy, Marines, Air Force,
and Coast Guard in 2019?
Space Force
61%
What's the most-visited zoo in New York? Bronx Zoo
58%
What is the last name of twins Jenna and Barbara, born in 1981? Bush
58%
What state is home to Miami University, established in 1809?Ohio
52%
In Hawaii, POG is a popular fruit drink. What does the G in POG stand for? Guava
50%
Who said, in 1928, "We in America today are nearer to the final triumph over poverty
than ever before in the history of any land"?
Herbert Hoover
50%
What "belt" of the U.S. stretches from the Carolinas to California?{Sun} Belt
46%
What country did Curtis LeMay say that the U.S. should threaten to
"bomb back to the Stone Age"?
North Vietnam
33%
What three-letter agency administers the 247 million acres owned
by the federal government?
BLM
23%

Score Distribution

Percentile by Number Answered

Percent of People with Each Score

Your Score History

You have not taken this quiz